000 00662nam a2200277Ia 4500
005 20260324115841.0
008 008 260324s9999 xx 000 0 eng d
020 _a9781003177517
037 _aEBOOK
040 _aCRL
040 _beng
040 _cCRL
041 _2eng
041 _aeng
084 _qCRL
100 _aKlaus-Dieter E. Pawlik
_91156249
245 0 _aSolutions Manual for the Guide to Energy Management
260 _bTaylor and Francis
260 _c2016
365 _a
365 _b190
856 _uhttp://www.taylorfrancis.com/books/9781003177517
942 _cEBOOK
999 _c1747431
_d1747431